000 00528nam a2200181 i 4500
001 95804
003 ES-MaACL
005 20251017063055.0
007 t|
008 050606s1970 sp ||||1| spa d
100 1 _aMacabich Llobet, Isidoro,
_d1883-1973
_975047
245 1 0 _aObra literaria /
_cIsidoro Macabich Llobet.
260 _aPalma de Mallorca :
_bDardalus,
_c1970.
300 _a301 p. 1 lám. (1) ;
_c25 cm.
500 _a(1) Retr. aut.
852 _aES-MaACL
_jC-41711
_bR.74374
999 _c95804
_d95804